000 00557nam a2200169Ia 4500
003 GCL
008 140319s9999 xx 000 0 ara d
040 _aGCL /
_cGCL
082 0 4 _a598.2924
_bش ط
100 1 _aشفيق مهدى
245 1 0 _aالطيور المائية فى العراق والوطن العربى (هدية من الاديب عبدالفتاح الجمل) /
_cشفيق مهدى
260 _a[S.N] :
_bدار الرشيد ،
_c1982
490 _a
650 0 4 _aالطيور
650 0 4 _aالطيور المائية
942 _2ddc
_cBK
999 _c49040
_d49040